Europe quarterly (Record no. 108414)
[ view plain ]
| 000 -LEADER | |
|---|---|
| fixed length control field | 01324cad a22002295a 4500 |
| 001 - CONTROL NUMBER | |
| control field | L144226 |
| 008 - FIXED-LENGTH DATA ELEMENTS--GENERAL INFORMATION | |
| fixed length control field | 080704s2008 xxkad f s 000 0 eng d |
| 035 ## - SYSTEM CONTROL NUMBER | |
| System control number | (Sirsi) u144226 |
| 041 0# - LANGUAGE CODE | |
| Language code of text/sound track or separate title | eng |
| 050 04 - LIBRARY OF CONGRESS CALL NUMBER | |
| Classification number | 333.33 $2 18 |
| 110 2# - MAIN ENTRY--CORPORATE NAME | |
| Corporate name or jurisdiction name as entry element | Atisreal |
| 9 (RLIN) | 5337 |
| 245 00 - TITLE STATEMENT | |
| Title | Europe quarterly |
| Remainder of title | investment market quarter one 2008 |
| Medium | [electronic resource] |
| 260 ## - PUBLICATION, DISTRIBUTION, ETC. | |
| Place of publication, distribution, etc. | [S.l.] |
| Name of publisher, distributor, etc. | Atisreal |
| Date of publication, distribution, etc. | 2008 |
| 490 #0 - SERIES STATEMENT | |
| Series statement | Atisreal Europe Quarterly Investment Market |
| Volume/sequential designation | Quarter One 2008 |
| 520 ## - SUMMARY, ETC. | |
| Summary, etc. | Reports that the investment market has slowed down in the first quarter of 2008 in most of the eighteen cities monitored. Total investment volume stood at €12.9bn, representing a 38% fall on the previous quarter, to the lowest point since Q3 2005. Finds foreign investments in Central London rose from €1.2bn to €1.7bn, especially from German investors. The UK, Germany and France still account for the largest share of European investment, albeit at a record low market share of 74% in Q1 2008. Generally, office prime yields have risen. |
| 590 ## - LOCAL NOTE (RLIN) | |
| Local note | KA |
| 650 24 - SUBJECT ADDED ENTRY--TOPICAL TERM | |
| Topical term or geographic name entry element | ATISREAL EUROPE QUARTERLY INVESTMENT MARKET |
| 651 #4 - SUBJECT ADDED ENTRY--GEOGRAPHIC NAME | |
| Geographic name | Europe |
| 690 ## - LOCAL SUBJECT ADDED ENTRY--TOPICAL TERM (OCLC, RLIN) | |
| Topical term or geographic name as entry element | PROPERTY-COMMERCIAL PROPERTY-COMMERCIAL PROPERTY MARKET |
| 856 40 - ELECTRONIC LOCATION AND ACCESS | |
| Uniform Resource Identifier | <a href="https://www.atisreal.com/">https://www.atisreal.com/</a> |
| Public note | View this report free of charge under market research at www.atisreal.com... |
| 942 ## - ADDED ENTRY ELEMENTS (KOHA) | |
| Suppress in OPAC | 0 |
| Withdrawn status | Lost status | Source of classification or shelving scheme | Damaged status | Not for loan | Home library | Current library | Shelving location | Date acquired | Total Checkouts | Full call number | Barcode | Date last seen | Copy number | Price effective from | Koha item type |
|---|---|---|---|---|---|---|---|---|---|---|---|---|---|---|---|
| Dewey Decimal Classification | Virtual | Virtual | Online | 04/07/2008 | ONLINE PUBLICATION | 144226-2001 | 06/08/2019 | 1 | 06/08/2019 | Book |